| 000 | 00635nam a2200205 a 4500 | ||
|---|---|---|---|
| 001 | 000043955 | ||
| 005 | 20201002045050.0 | ||
| 008 | 140512s1987 sp 000 0 spa d | ||
| 020 | _a8472233596 | ||
| 041 | 1 | 7 |
_aspa _heng |
| 240 | 1 | 0 | _aThe Memoirs of Dolly Morton. |
| 245 | 0 | 0 |
_aMemorias Dolly Morton / _cAnónimo ; traducción de Miguel Martínez Lage. |
| 260 |
_aBarcelona : _bTusquets, _c1987. |
||
| 300 |
_a251 p. ; _c20 cm. |
||
| 490 | 1 |
_aLa Sonrisa vertical _v56 |
|
| 700 | 1 | 2 |
_aGrassel, Georges Joseph _971898 |
| 700 | 1 | 2 |
_aMartínez-Lage, Miguel _etr. _911529 |
| 830 | 0 |
_aLa Sonrisa vertical _v56 _919576 |
|
| 999 |
_c43444 _d43444 |
||
| 040 | _aDO-SdBNP | ||